000 00641nam a2200241Ia 4500
005 20260430150125.0
008 008 250103s9999 xx 000 0 eng d
037 _aTheses
040 _aCRL
040 _beng
040 _ceng
041 _2eng
041 _aeng
084 _qCRL
100 _aGupta Manishi Au.; Chauhan B.S. Gu.
_91236534
245 0 _aEvolving communication design in social media in Indian scenario
260 _c2022
300 _a488p.
650 _aArts
700 _aUniversity of Delhi. Faculty of Music and Fine Arts. Department of Fine Arts
_9527695
942 _cTH
999 _c1849005
_d1849005